000 nam a22 a 4500
999 _c61609
_d61609
003 BLK
005 20221027180938.0
008 180408b bul|||||r ||||||| ||bul||
040 _aBLK
041 _aBUL
_cBUL
080 _aСветотехника
_b628.9
_x(035)
_z628.9(035)
100 _9301748
_aАндрейчин, Разум Екимов
_eпърви автор
139 _aНаръчник по осветителна техника
245 1 0 _aНаръчник по осветителна техника
_bТ. 1 -
_cР. Е. Андрейчин и др.; под общ. ред. на К. Й. Богатев.
_nТ. 1
257 _aBGR
260 _aСофия
_bТехника
_c1977
300 _c24 см
380 _a62
500 _aДр. авт.: К.Й.Богатев, Н.И.Василев, Д.И. Деянов и др.
650 4 _aСветотехника
_9170321
653 7 _9196245
_aсветотехника
700 _aБогатев, Кирил Йорданов
_eпод общ. ред. на
_9864
760 1 _dСофия, 1977
_h484 с. : с черт., табл.
_nБиблиогр. след отд. гл.
_oТ. 1
_tНаръчник по осветителна техника
852 _aЦб 85538
_bЦб
856 4 _qpdf
_i0.00
_ldisable
942 _cKNG
_n0
_s1
944 _aCR
_c13.06.2004
_kКети_Илиева
944 _aED
_c2022-10-27
999 _d61609